| 000 | 00828 am a2200253 a 4500 | ||
|---|---|---|---|
| 001 | 015325573 | ||
| 003 | Uk | ||
| 005 | 20130508134327.0 | ||
| 008 | 090708s2007 njud b 001 0 eng | ||
| 020 | _a0132287315 (pbk.) | ||
| 020 | _a9780132287319 (pbk) | ||
| 082 | 0 | 0 |
_a621.3822 _222 _bPRO |
| 100 | 1 |
_aProakis, John G. _933146 |
|
| 245 | 1 | 0 |
_aDigital Signal Processing / _cJohn G. Proakis, Dimitris G. Manolakis. |
| 250 | _ainternational ed., 4th ed. | ||
| 260 |
_aUpper Saddle River, N.J. : _bPearson Prentice Hall ;, _cc2007. |
||
| 300 |
_axi, 948 p. : _bcharts ; _c25 cm. |
||
| 500 | _aTitle from cover. | ||
| 504 | _aIncludes bibliographical references and index. | ||
| 650 | 0 |
_aSignal processing _xDigital techniques. _933147 |
|
| 653 |
_bEle _cMay2013 |
||
| 700 | 1 |
_aManolakis, Dimitris G. _933148 |
|
| 942 |
_2ddc _cBB |
||
| 999 |
_c17447 _d17419 |
||